Advances in pulse production technology (Record no. 41725)

MARC details
000 -LEADER
fixed length control field 00376nam a2200133Ia 4500
082 ## - DEWEY DECIMAL CLASSIFICATION NUMBER
Classification number 635.65
Item number JES
100 ## - MAIN ENTRY--AUTHOR NAME
Personal name Baldev, B
245 #0 - TITLE STATEMENT
Title Advances in pulse production technology
260 ## - PUBLICATION, DISTRIBUTION, ETC. (IMPRINT)
Place of publication New Delhi
Name of publisher Publication and Information Division,ICAR
Year of publication 1997
650 ## - SUBJECT ADDED ENTRY--TOPICAL TERM
Topical Term Multiple cropping
700 ## - ADDED ENTRY--PERSONAL NAME
Personal name Jeswani, L M
942 ## - ADDED ENTRY ELEMENTS (KOHA)
Koha item type Books
Holdings
Withdrawn status Lost status Damaged status Not for loan Home library Current library Date acquired Cost, normal purchase price Full call number Accession Number Koha item type
        RRII Library RRII Library 16/12/2021 65.00 635.65 JES 22011 Books